Consolidación y desarrollo del Sistema Nacional de Educación Superior (Record no. 64885)

MARC details
000 -CABECERA
campo de control de longitud fija 00538nam a2200181 a 4500
005 - FECHA Y HORA DE LA ÚLTIMA TRANSACCIÓN
campo de control 20210219152948.0
008 - ELEMENTOS DE LONGITUD FIJA--INFORMACIÓN GENERAL
campo de control de longitud fija 991125n 000 0 spa u
035 ## - NÚMERO DE CONTROL DEL SISTEMA
Número de control de sistema UPN01000069205
222 ## - TÍTULO CLAVE
Título clave REFORMA Y UTOPIA :
Información calificativa REFLEXIONES SOBRE EDUCACION SUPERIOR
245 ## - MENCIÓN DE TÍTULO
Título Consolidación y desarrollo del Sistema Nacional de Educación Superior
300 ## - DESCRIPCIÓN FÍSICA
Extensión 168-218
362 ## - FECHAS DE PUBLICACIÓN Y/O DESIGNACIÓN SECUENCIAL
Fecha de publicación y/o designación secuencial 1989 No. 2 oct.-dic.
653 0# - TERMINO DE INDIZACION - NO CONTROLADO
Término no controlado ANUIES
653 0# - TERMINO DE INDIZACION - NO CONTROLADO
Término no controlado EDUCACION SUPERIOR
653 0# - TERMINO DE INDIZACION - NO CONTROLADO
Término no controlado REFORMA UNIVERSITARIA
904 ## - ELEMENTOS DE DATOS D LOCAL, LDD (RLIN)
a AC
b 007016
905 ## - TIPO DE MATERIAL
Tipo de material Articulo

No items available.